Virtuální vzdělávání
Nové cesty vzdelávania v globálnej vedomostnej spoločnosti. Distančné megauniverzity. Virtuálny študent. Virtuálna univerzita. Vzdelávanie po sieti.
Salvato in:
| Autore principale: | |
|---|---|
| Natura: | Capitolo di libro |
| Lingua: | ceco |
| Soggetti: | |
| Tags: |
Nessun Tag, puoi essere il primo ad aggiungerne!!
|
MARC
| LEADER | 00000naa a2200000 4500 | ||
|---|---|---|---|
| 001 | r040762 | ||
| 005 | 20231002103339.7 | ||
| 041 | 0 | |a cze | |
| 044 | |a CZ | ||
| 245 | 1 | 0 | |a Virtuální vzdělávání |c L. Dunn S. |
| 520 | |a Nové cesty vzdelávania v globálnej vedomostnej spoločnosti. Distančné megauniverzity. Virtuálny študent. Virtuálna univerzita. Vzdelávanie po sieti. | ||
| 610 | 2 | 0 | |a vzdelávanie |
| 610 | 2 | 0 | |a technológie informačné |
| 610 | 2 | 0 | |a technológie komunikačné |
| 610 | 2 | 0 | |a know-how |
| 610 | 2 | 0 | |a univerzity |
| 610 | 2 | 0 | |a počítače |
| 610 | 2 | 0 | |a organizácie finančné |
| 610 | 2 | 0 | |a internet |
| 100 | 1 | |a Dunn S., L. | |